| 000 | 00469nam a22001697a 4500 | ||
|---|---|---|---|
| 999 |
_c160417 _d160417 |
||
| 005 | 20190128174735.0 | ||
| 010 | _aB-061064 | ||
| 020 |
_a8175957581 _c150.00 |
||
| 035 | _aB-061064 | ||
| 037 | _bWriters Workshop Publication | ||
| 082 | _aS | ||
| 100 | _aSharma, Vera | ||
| 245 |
_aTalking too long to die & other Indian stories / _cVera Sharma |
||
| 260 |
_aCalcutta _bWriters Workshop Publication _c2000 |
||
| 300 |
_a93p. _c22cm(hbk) |
||
| 942 |
_2ddc _cEN _hS _mSHA |
||